000 00808nam a2200265 4500
003 OSt
005 20260530113847.0
008 260508b2012 |||a|||| |||| 00| 0 spa d
040 _aICI
_bspa
_cICI
050 _aNK1520
_bG37
100 1 _aGonzález Ochoa, César
_910114
245 1 0 _aDiseño y Consumo en la Sociedad contemporánea
264 1 _bDesignio Libros de Diseño
_c2012
_aMéxico
300 _a105 páginas
336 _atexto
_2rdacontent
337 _asin medio
_2rdamedia
338 _avolumen
_2rdacarrier
650 _aDiseño industrial
_915218
650 _aGlobalización
_930881
650 _aDiseño
_xFilosofía
_930882
650 _aDiseño y tecnología
_930883
650 _aDiseño
_xAspectos sociales
_930884
700 _aRaúl Torres Maya
_eAutor
_930885
942 _2lcc
_cBK
_n1
999 _c11345
_d11345